Arqueología de Colombia : un texto introductorio /

Bibliographic Details
Main Author: Reichel-Dolmatoff, Gerardo
Format: Libro
Language:English
Published: Bogotá Presidencia de la República 1997
Edition:2a.ed.
Series:Biblioteca familiar de la Presidencia de la República
Subjects:
Online Access:

MARC

LEADER 00000cam a2200000 a 4500
001 022677
003 UAHC_CL
005 20170803122140.0
008 021023b xx j 000 1 eng
020 |a 9581801685 
040 |a UAHC_CL  |c UAHC_CL  |d UAHC_CL 
100 1 |a Reichel-Dolmatoff, Gerardo 
245 1 0 |a Arqueología de Colombia :  |b un texto introductorio /  |c Gerardo Reichel-Dolmatoff. 
250 |a 2a.ed. 
260 |b Presidencia de la República  |a Bogotá  |c 1997 
300 |a 314 p. 
490 0 |a Biblioteca familiar de la Presidencia de la República 
650 4 |a ARQUEOLOGIA  |z COLOMBIA 
900 |a 930.1861 REI 
942 |c BK 
952 |0 0  |1 0  |4 0  |6 930_186100000000000_REI  |7 0  |8 General  |9 45100  |a BC  |b BC  |c General  |d 2017-08-03  |l 0  |o 930.1861 REI  |p 1333752  |r 2026-01-13 00:00:00  |t 1  |w 2017-08-03  |y BK 
999 |c 22677  |d 22677